00267 a2200109 4500001000700000020000600007040001100013100002500024240005200049245004700101362000900148177769 a  cMagnum aHewavisenti, Lakshmi10aMatematica divertida: resolvendo problemaslpor10aMatematica divertida: resolvendo problemas0 a1899